| 000 | 01318cam a2200349 i 4500 | ||
|---|---|---|---|
| 001 | 11803726 | ||
| 003 | EG-ScBUE | ||
| 005 | 20250518082813.0 | ||
| 008 | 991006t2000 flua f b 100 0 eng d | ||
| 020 | _a158488035X | ||
| 020 | _a9781584880356 | ||
| 040 |
_aEG-ScBUE _beng _erda _cEG-ScBUE _dEG-ScBUE |
||
| 082 | 0 | 4 |
_a531 _222 _bIOO |
| 100 | 1 |
_aIooss, Gérard, _eauthor. |
|
| 245 | 1 | 0 |
_aTrends in applications of mathematics to mechanics / _cGerard Iooss, Olivier Gues, Anne Nouri. |
| 264 | 1 |
_aBoca Raton : _bChapman & Hall/CRC, _c[2000] |
|
| 264 | 4 | _cc2000 | |
| 300 |
_a326 pages : _billustrations ; _c27 cm. |
||
| 336 |
_2rdacontent _atext _btxt |
||
| 337 |
_aunmediated _2rdamedia _bn |
||
| 338 |
_avolume _bnc _2rdacarrier |
||
| 490 | 0 |
_aChapman & Hall/CRC monographs and surveys in pure and applied mathematics ; _v106 |
|
| 504 | _aIncludes bibliographical references. | ||
| 650 | 7 |
_aMechanics _vCongresses. _2BUEsh |
|
| 650 | 7 |
_aMathematics _vCongresses. _2BUEsh |
|
| 655 | _vReading book | ||
| 700 | 1 |
_aGués, Olivier, _eauthor. |
|
| 700 | 1 |
_aNouri, Anne, _eauthor. |
|
| 711 | 2 |
_aSymposium on Trends in Applications of Mathematics to Mechanics _n(11th : _d1998 : _cUniversity of Nice) |
|
| 856 | 4 | 2 |
_3Publisher description _uhttp://www.loc.gov/catdir/enhancements/fy0744/99051979-d.html |
| 942 |
_2ddc _cBB |
||
| 999 |
_c10755 _d10755 |
||